[Event "TechM Global Chess League"]
[Site "London ENG"]
[Date "2024.10.06"]
[Round "5.1"]
[White "Jan-Krzysztof Duda"]
[Black "Arjun Erigaisi"]
[Result "1/2-1/2"]
[EventDate "2024.10.03"]
[WhiteElo "2745"]
[BlackElo "2698"]
[PlyCount "88"]

1. e4 e6 2. d4 d5 3. e5 c5 4. c3 Nc6 5. Nf3 Bd7 6. Be2 a6 7. O-O h6 8. Re1 Qb6 9. Na3 cxd4 10. cxd4 Rc8 11. Nc2 Na5 12. b3 Bb5 13. Bb2 Ne7 14. Ne3 Ng6 15. g3 Bb4 16. Bxb5+ Qxb5 17. Re2 O-O 18. Rb1 f6 19. exf6 Rxf6 20. Ne1 Qd7 21. Nd3 Bd6 22. Nc5 Bxc5 23. dxc5 Rf3 24. b4 Nc6 25. a4 Qf7 26. b5 axb5 27. axb5 Nce7 28. Rc1 h5 29. Nc2 Rf8 30. Qe1 e5 31. Bxe5 Nxe5 32. Rxe5 Rxf2 33. Rxe7 Qf3 34. Ne3 d4 35. Qd1 Re2 36. Qf1 dxe3 37. Qxf3 Rxf3 38. Re5 Rff2 39. Rxh5 Rg2+ 40. Kh1 Rc2 41. Rxc2 Rxc2 42. Re5 e2 43. Kg1 Rxc5 44. Rxe2 Rxb5 1/2-1/2

[Event "TechM GCL 2024"]
[Site "London ENG"]
[Date "2024.10.05"]
[Round "4.1"]
[White "Nodirbek Abdusattorov"]
[Black "Arjun Erigaisi"]
[Result "1/2-1/2"]
[EventDate "2024.10.03"]
[WhiteElo "2722"]
[BlackElo "2698"]
[PlyCount "74"]

1. e4 e6 2. d4 d5 3. e5 c5 4. c3 Nc6 5. Nf3 Bd7 6. Be2 Rc8 7. O-O h6 8. Kh1 Nge7 9. Na3 cxd4 10. cxd4 Nf5 11. Nc2 g5 12. Be3 g4 13. Ng1 h5 14. Bd3 Nxe3 15. fxe3 Qg5 16. Ne2 Bg7 17. Qe1 O-O 18. h4 Qh6 19. Nf4 f6 20. Ng6 fxe5 21. Nxf8 Rxf8 22. Rxf8+ Bxf8 23. Bb5 Qg6 24. e4 g3 25. Qe2 exd4 26. exd5 exd5 27. Rf1 Bg4 28. Qd3 Qxd3 29. Bxd3 Ne5 30. Bf5 d3 31. Ne3 d2 32. Nxg4 Nxg4 33. Be6+ Kh7 34. Bf5+ Kg8 35. Be6+ Kh7 36. Bf5+ Kg8 37. Be6+ 1/2-1/2

[Event "TechM GCL 2024"]
[Site "London ENG"]
[Date "2024.10.05"]
[Round "3.2"]
[White "Yi Wei"]
[Black "Arjun Erigaisi"]
[Result "1/2-1/2"]
[EventDate "2024.10.03"]
[WhiteElo "2782"]
[BlackElo "2698"]
[PlyCount "120"]

1. e4 e6 2. d4 d5 3. Nd2 c5 4. exd5 Qxd5 5. Ngf3 cxd4 6. Bc4 Qd7 7. O-O Nc6 8. Nb3 a6 9. a4 Nf6 10. Qe2 Qc7 11. Rd1 Bd7 12. Nbxd4 Nxd4 13. Rxd4 Bd6 14. Bg5 Bc6 15. Bxf6 gxf6 16. Bxe6 fxe6 17. Qxe6+ Be7 18. Re1 Rd8 19. Rg4 Qd6 20. Qf5 Rd7 21. Nd4 Kd8 22. Ne6+ Kc8 23. Rd4 Qb8 24. Nf4 Bd8 25. b4 Rg8 26. b5 axb5 27. axb5 Rg5 28. bxc6 Rxf5 29. cxd7+ Kc7 30. Ne6+ Kb6 31. Nxd8 Qxd8 32. f4 Kc6 33. Re6+ Kc7 34. Re8 Qxd7 35. Rxd7+ Kxd7 36. Re4 b5 37. Kf2 Rc5 38. Re2 Rc4 39. Kf3 f5 40. Kg3 b4 41. Rf2 Ke6 42. Kh4 Kf6 43. g3 Kg6 44. Rd2 Rc6 45. h3 h6 46. g4 Rc4 47. Rf2 Re4 48. Kg3 Rc4 49. Rd2 Rc3+ 50. Kg2 Rc4 51. Kg3 Rc3+ 52. Kh4 Rc4 53. gxf5+ Kxf5 54. Kh5 Kxf4 55. Kxh6 Kg3 56. Kg5 Kxh3 57. Kf5 Rc3 58. Ke4 b3 59. cxb3 Rxb3 60. Rd3+ 1/2-1/2

[Event "TechM Global Chess League"]
[Site "London ENG"]
[Date "2024.10.04"]
[Round "2.1"]
[White "Arjun Erigaisi"]
[Black "Santosh Gujrathi Vidit"]
[Result "1/2-1/2"]
[EventDate "2024.10.03"]
[WhiteElo "2698"]
[BlackElo "2674"]
[PlyCount "136"]

1. e4 e5 2. Nf3 Nc6 3. Bc4 Bc5 4. c3 Nf6 5. d4 exd4 6. b4 Be7 7. b5 d5 8. Bxd5 Na5 9. O-O O-O 10. Qxd4 a6 11. b6 cxb6 12. Ba3 b5 13. Re1 Bxa3 14. Nxa3 Be6 15. Rad1 Rc8 16. Nc2 Qc7 17. Bxe6 fxe6 18. e5 Nd5 19. Qg4 Qf7 20. Ncd4 Nc7 21. h4 Nc4 22. Re4 h6 23. h5 Rce8 24. Rd3 Nb2 25. Rd2 Nc4 26. Rd3 Nb2 27. Rd2 Nc4 28. Rc2 Nd5 29. g3 Na3 30. Rc1 Kh7 31. Re2 g5 32. Nd2 Kh8 33. Ne4 Nc4 34. Nc5 Nxe5 35. Rxe5 Qxf2+ 36. Kh1 Ne3 37. Qe2 Qxe2 38. Nxe2 Ng4 39. Rxe6 b6 40. Rxe8 Rxe8 41. Nxa6 Rxe2 42. Nb4 Ne5 43. Rc2 Rxc2 44. Nxc2 Nc4 45. Nd4 Nd6 46. Kg2 Kg7 47. Kf3 Kf6 48. Ke3 Ke5 49. Kd3 Kd5 50. Nxb5 Ne4 51. Nc7+ Ke5 52. Na8 b5 53. Nc7 Nxg3 54. Nxb5 Nxh5 55. a4 Nf4+ 56. Ke3 Nd5+ 57. Kd2 Nb6 58. a5 Nc4+ 59. Kd3 Nxa5 60. c4 Nb3 61. Nc3 h5 62. Ke3 h4 63. Nd5 g4 64. Nf4 h3 65. Nxh3 gxh3 66. Kf3 Nd2+ 67. Kg3 Nxc4 68. Kxh3 1/2-1/2

[Event "TechM Global Chess League"]
[Site "London ENG"]
[Date "2024.10.03"]
[Round "1.2"]
[White "Arjun Erigaisi"]
[Black "R Praggnanandhaa"]
[Result "1/2-1/2"]
[EventDate "2024.10.03"]
[WhiteElo "2698"]
[BlackElo "2668"]
[PlyCount "148"]

1. e4 c5 2. Nf3 Nc6 3. d4 cxd4 4. Nxd4 Nf6 5. Nc3 e5 6. Ndb5 d6 7. Nd5 Nxd5 8. exd5 Nb8 9. Qf3 a6 10. Qa3 Be7 11. Bg5 f6 12. Bd2 O-O 13. Bb4 Qd7 14. Nc3 f5 15. Na4 Qd8 16. c4 b5 17. cxb5 axb5 18. Bxb5 Bd7 19. Bxd7 Nxd7 20. Qb3 e4 21. O-O Ne5 22. Qc2 Nd3 23. a3 Bf6 24. Rad1 Be5 25. Nc3 Nxb4 26. axb4 Qb6 27. Qb3 Rab8 28. b5 Bxc3 29. bxc3 Qxb5 30. Qxb5 Rxb5 31. Rd4 Rc8 32. g4 Rxc3 33. gxf5 Rd3 34. Rxe4 Rdxd5 35. f6 gxf6 36. Re7 Rg5+ 37. Kh1 Rb2 38. Ra1 Kh8 39. Ra8+ Rg8 40. Rxg8+ Kxg8 41. Kg2 d5 42. Rd7 Rd2 43. Kf3 Rd4 44. Ke3 Re4+ 45. Kd3 Re5 46. Kd4 Rf5 47. Ke3 Rh5 48. f3 Kf8 49. Kf4 Ke8 50. Ra7 Kf8 51. Rd7 Ke8 52. Ra7 Rxh2 53. Kf5 d4 54. Kxf6 d3 55. f4 d2 56. Ra1 h5 57. Kg5 h4 58. Kg4 Ke7 59. f5 Kf6 60. Kf4 Rg2 61. Ra6+ Kf7 62. Ra7+ Ke8 63. Ra8+ Kd7 64. Ra7+ Kd6 65. Ra6+ Kd5 66. Ra8 h3 67. Rd8+ Kc6 68. Kf3 Kc7 69. Rd4 Rg5 70. Rxd2 Rxf5+ 71. Kg3 Rh5 72. Rh2 Kd6 73. Rxh3 Rxh3+ 74. Kxh3 1/2-1/2

[Event "French Top 16 Club Championship 2024"]
[Site "Chartres FRA"]
[Date "2024.06.??"]
[Round "4"]
[White "Arjun Erigaisi"]
[Black "Loic Travadon"]
[Result "1-0"]
[EventDate "2024.05.30"]
[WhiteElo "2761"]
[BlackElo "2445"]
[Source "https://www.chessbase.in/news/"]
[PlyCount "28"]

1. c4 b6 2. d4 Bb7 3. Nc3 e6 4. a3 Nf6 5. d5 Bc5 6. Nf3 O-O 7. Bg5 Be7 8. h4 d6 9. e3 c6 10. dxe6 fxe6 11. Bd3 c5 12. Bxf6 Bxf6 13. Ng5 Bxg5 14. Bxh7+ 1-0

[Event "Budapest Olympiad"]
[Site "Budapest HUN"]
[Date "2024.09.19"]
[Round "8.1"]
[White "Bardiya Daneshvar"]
[Black "Arjun Erigaisi"]
[Result "0-1"]
[EventDate "2024.09.11"]
[WhiteElo "2598"]
[BlackElo "2778"]
[PlyCount "72"]

1. Nf3 d5 2. g3 Nf6 3. Bg2 c5 4. O-O e6 5. c4 d4 6. d3 Nc6 7. e3 Nd7 8. Na3 e5 9. Nh4 dxe3 10. fxe3 Nf6 11. Nb5 Bg4 12. Qb3 Qd7 13. Nc3 Rd8 14. Nd5 Be7 15. Bd2 O-O 16. Rae1 Be6 17. e4 Nd4 18. Qc3 Nxd5 19. cxd5 Bg4 20. Be3 Bxh4 21. gxh4 f5 22. Bxd4 cxd4 23. Qc5 f4 24. Rf2 b6 25. Qb4 f3 26. Bf1 Bh5 27. Kh1 Rf6 28. h3 Rc8 29. Qd2 Rg6 30. Rc1 Rf8 31. Qb4 h6 32. Rfc2 f2 33. Rc7 Rg1+ 34. Kh2 Rxf1 35. Rxd7 Rxc1 36. Rd6 0-1

[Event "Budapest Olympiad"]
[Site "Budapest HUN"]
[Date "2024.09.12"]
[Round "2.3"]
[White "Arjun Erigaisi"]
[Black "Hannes Stefansson"]
[Result "1-0"]
[EventDate "2024.09.11"]
[WhiteElo "2778"]
[BlackElo "2471"]
[PlyCount "76"]

1. d4 Nf6 2. Nf3 e6 3. Bf4 d5 4. e3 Bd6 5. Ne5 O-O 6. Bd3 c5 7. c3 b6 8. Nd2 Ba6 9. Bxa6 Nxa6 10. h4 Qc7 11. h5 Ne4 12. Nxe4 dxe4 13. Qg4 cxd4 14. exd4 Rae8 15. Rd1 Nc5 16. Qg3 f6 17. dxc5 fxe5 18. cxb6 exf4 19. bxc7 fxg3 20. Rxd6 gxf2+ 21. Ke2 Re7 22. Rc6 Rc8 23. Kxf2 Rcxc7 24. Rxc7 Rxc7 25. Ke3 Rd7 26. a4 Rd3+ 27. Kxe4 Rd2 28. b4 Rxg2 29. Rd1 Rg3 30. Rd3 Rxd3 31. Kxd3 Kf7 32. Ke4 g5 33. hxg6+ hxg6 34. b5 Ke7 35. Ke5 g5 36. c4 Kd7 37. c5 a5 38. bxa6 1-0

[Event "Budapest Olympiad"]
[Site "Budapest HUN"]
[Date "2024.09.11"]
[Round "1.3"]
[White "Jacques Elbilia"]
[Black "Arjun Erigaisi"]
[Result "0-1"]
[EventDate "2024.09.11"]
[WhiteElo "2343"]
[BlackElo "2778"]
[PlyCount "80"]

1. d4 Nf6 2. c4 e6 3. Nc3 Bb4 4. e3 b6 5. Ne2 Ne4 6. Bd2 Nxd2 7. Qxd2 O-O 8. a3 Be7 9. g3 Bb7 10. e4 Nc6 11. Qd3 Ba6 12. b4 Bxb4 13. axb4 Nxb4 14. Qb1 c5 15. Rxa6 Nxa6 16. d5 Nb4 17. Bg2 exd5 18. Nxd5 Nxd5 19. exd5 Re8 20. Qd3 b5 21. O-O b4 22. d6 Rb8 23. Nf4 Qf6 24. Qb3 Qxd6 25. Bd5 Qa6 26. Rd1 Re7 27. Kg2 Qa3 28. Qb1 b3 29. Qf5 Qa6 30. Nd3 Qf6 31. Qxf6 gxf6 32. Kf3 b2 33. Rb1 Rb3 34. Be4 d5 35. cxd5 c4 36. Rxb2 Ra3 37. Rd2 Kg7 38. Kf4 cxd3 39. Bf5 Ra4+ 40. Kf3 Re5 0-1

[Event "FIDE World Bl Team Pool B"]
[Site "Astana KAZ"]
[Date "2024.08.05"]
[Round "1.13"]
[White "Rustam Khusnutdinov"]
[Black "Arjun Erigaisi"]
[Result "0-1"]
[EventDate "2024.08.05"]
[WhiteElo "2429"]
[BlackElo "2778"]
[PlyCount "46"]

1. e4 e6 2. d4 d5 3. Bd3 c5 4. exd5 exd5 5. dxc5 Bxc5 6. Nf3 Nf6 7. O-O O-O 8. c3 Nc6 9. Nbd2 Bg4 10. Nb3 Bb6 11. Re1 Re8 12. Be2 Ne4 13. Nfd4 Bd7 14. Be3 Ne5 15. f3 Nd6 16. Bf2 Qf6 17. Qc2 Rac8 18. Rad1 h5 19. Nc1 h4 20. h3 Nf5 21. Bf1 Nxd4 22. Bxd4 Bxd4+ 23. Rxd4 Nxf3+ 0-1

[Event "FIDE World Bl Team Pool B"]
[Site "Astana KAZ"]
[Date "2024.08.05"]
[Round "2.19"]
[White "Arjun Erigaisi"]
[Black "Bakhyt Balguzhinov"]
[Result "1/2-1/2"]
[EventDate "2024.08.05"]
[WhiteElo "2778"]
[BlackElo "2155"]
[PlyCount "140"]

1. Nf3 Nf6 2. b3 g6 3. Bb2 Bg7 4. g3 b6 5. Bg2 Bb7 6. O-O O-O 7. c4 c5 8. e3 d5 9. Ne5 Nbd7 10. f4 e6 11. Na3 a6 12. Qe2 Qc7 13. Rac1 dxc4 14. Bxb7 Qxb7 15. Naxc4 b5 16. Na5 Qb6 17. Nac6 Nxe5 18. Nxe5 Rfd8 19. Rc2 Nd7 20. Rfc1 Nxe5 21. fxe5 Rd5 22. e4 c4+ 23. Kg2 Rd3 24. bxc4 bxc4 25. Rxc4 Rad8 26. R1c2 Bh6 27. Bc1 Qb5 28. Qf2 Qxe5 29. Bb2 Qh5 30. Rc7 g5 31. Rc8 Bg7 32. Rxd8+ Rxd8 33. Bxg7 Kxg7 34. d4 g4 35. Rc5 Qg6 36. Qf4 h6 37. Rc4 a5 38. Kf2 Rd7 39. Qe5+ Qf6+ 40. Qxf6+ Kxf6 41. Ke3 Rb7 42. Ra4 Rb2 43. Rxa5 Rxh2 44. e5+ Kf5 45. Ra7 Kg6 46. Ra8 h5 47. Rg8+ Kh7 48. Rg5 Kh6 49. Rg8 Kh7 50. Ra8 Kg6 51. a4 Rg2 52. Kf4 Rf2+ 53. Ke4 Rg2 54. Kf4 Rf2+ 55. Ke4 Rf3 56. Rg8+ Kh7 57. Rg5 Kh6 58. Rg8 Rxg3 59. a5 Ra3 60. Kf4 Rxa5 61. Rh8+ Kg7 62. Rxh5 Ra4 63. Ke4 Kg6 64. Rh8 Kg7 65. Rh4 f5+ 66. exf6+ Kxf6 67. Rxg4 e5 68. Kd3 Rxd4+ 69. Rxd4 exd4 70. Kxd4 1/2-1/2

[Event "FIDE World Bl Team Pool B"]
[Site "Astana KAZ"]
[Date "2024.08.05"]
[Round "4.13"]
[White "Arjun Erigaisi"]
[Black "Kairat Yermekov"]
[Result "1-0"]
[EventDate "2024.08.05"]
[WhiteElo "2778"]
[BlackElo "2076"]
[PlyCount "60"]

1. b3 d5 2. Bb2 Nf6 3. Nf3 c5 4. e3 a6 5. c4 Nc6 6. d4 e6 7. Nbd2 Be7 8. dxc5 Bxc5 9. a3 O-O 10. b4 Be7 11. Bd3 dxc4 12. Nxc4 b5 13. Nce5 Bb7 14. O-O Rc8 15. Qe2 Bd6 16. Rfd1 Qe7 17. e4 Nxe5 18. Nxe5 Rfd8 19. h3 Nd7 20. Ng4 e5 21. Ne3 g6 22. Rac1 Nf6 23. Qf3 Bb8 24. Rxc8 Rxc8 25. Bb1 Rd8 26. Rc1 Ba7 27. Re1 Bd4 28. Bc1 Bc3 29. Ng4 Nxg4 30. Qxc3 Nf6 1-0

[Event "FIDE World Bl Team Pool B"]
[Site "Astana KAZ"]
[Date "2024.08.05"]
[Round "5.19"]
[White "Sameh Sadek"]
[Black "Arjun Erigaisi"]
[Result "1/2-1/2"]
[EventDate "2024.08.05"]
[WhiteElo "2286"]
[BlackElo "2778"]
[PlyCount "134"]

1. d4 e6 2. Nf3 c5 3. e3 b6 4. c4 cxd4 5. exd4 Bb7 6. Nc3 Bb4 7. Bd2 Nf6 8. Bd3 O-O 9. O-O d5 10. cxd5 Bxc3 11. bxc3 Bxd5 12. c4 Be4 13. Be2 Nc6 14. Bc3 Rc8 15. Rc1 Bg6 16. Re1 Qd6 17. Qa4 Rfd8 18. Red1 Ne4 19. Be1 a5 20. c5 bxc5 21. dxc5 Qc7 22. Rxd8+ Qxd8 23. Bb5 Qc7 24. Bxc6 Qxc6 25. Qxc6 Rxc6 26. Ne5 Rxc5 27. Rxc5 Nxc5 28. Nxg6 hxg6 29. Bxa5 f6 30. Kf1 e5 31. Ke2 Kf7 32. Bb4 Ne6 33. g3 g5 34. h3 Nd4+ 35. Kd3 Ke6 36. a4 Kd5 37. a5 Nc6 38. Bd2 e4+ 39. Ke2 Ne5 40. a6 Kc6 41. a7 Kb7 42. Bb4 Kxa7 43. Bf8 g6 44. Be7 Nd7 45. Ke3 Kb7 46. Kxe4 Kc6 47. f4 f5+ 48. Kf3 gxf4 49. Kxf4 Kd5 50. Kg5 Ke6 51. Bd8 Kf7 52. Bc7 Nc5 53. Kh6 Ne6 54. Bb8 Kf6 55. h4 Kf7 56. Be5 Nc5 57. h5 gxh5 58. Kxh5 Ke6 59. Bf4 Nd3 60. Kg5 Nf2 61. Kg6 Ne4 62. Kh5 Nf6+ 63. Kg6 Ng4 64. Kg5 Nh2 65. Kg6 Nf3 66. Kh5 Kd5 67. g4 1/2-1/2

[Event "FIDE World Bl Team Pool B"]
[Site "Astana KAZ"]
[Date "2024.08.05"]
[Round "6.7"]
[White "Arystan Isanzhulov"]
[Black "Arjun Erigaisi"]
[Result "0-1"]
[EventDate "2024.08.05"]
[WhiteElo "2401"]
[BlackElo "2778"]
[PlyCount "150"]

1. e4 e6 2. d3 d5 3. Qe2 Nf6 4. Nf3 c5 5. g3 Nc6 6. Bg2 Be7 7. O-O b5 8. a4 b4 9. b3 a5 10. Bb2 dxe4 11. Ng5 Nd4 12. Qd1 O-O 13. Nxe4 Nd5 14. Ned2 Bf6 15. Nc4 Bb7 16. Nbd2 Qc7 17. Re1 Rad8 18. Ne4 Be7 19. Bxd4 cxd4 20. Ned2 Rfe8 21. Qh5 g6 22. Qe5 Bd6 23. Nxd6 Qxd6 24. Nc4 Qc5 25. Re4 f6 26. Qxd4 Qc7 27. Ree1 e5 28. Qh4 Rf8 29. d4 exd4 30. Qxd4 Nc3 31. Qb6 Qxb6 32. Nxb6 Ba6 33. Re7 Rd2 34. Nd7 Rf7 35. Re8+ Kg7 36. Nc5 Be2 37. Rc1 h5 38. h4 Bg4 39. Bf1 Rc7 40. Ne6+ Bxe6 41. Rxe6 f5 42. Ra6 Ne4 43. Rxa5 Nxf2 44. Bg2 Ng4 45. Rb5 Rcxc2 46. Rxc2 Rxc2 47. Bf3 Rc3 48. Bxg4 Rxg3+ 49. Kf2 Rxg4 50. a5 Rxh4 51. a6 Rh2+ 52. Kf3 Ra2 53. Rb6 h4 54. Rxb4 Rxa6 55. Rxh4 Rb6 56. b4 Kf6 57. Rc4 g5 58. Ke3 Re6+ 59. Kf3 Rb6 60. Ke3 Kg6 61. Kf3 Rd6 62. Ke3 f4+ 63. Kf3 Rd3+ 64. Ke4 Rb3 65. Rd4 Kh5 66. Kf5 Kh4 67. Rc4 Kg3 68. Kxg5 f3 69. Rg4+ Kh2 70. Rh4+ Kg2 71. Rg4+ Kf1 72. Rf4 f2 73. Kg4 Kg2 74. Kf5 f1=Q 75. Rxf1 Kxf1 0-1

[Event "FIDE World Bl Team Pool B"]
[Site "Astana KAZ"]
[Date "2024.08.05"]
[Round "7.7"]
[White "Arjun Erigaisi"]
[Black "Inayat Bolat"]
[Result "1-0"]
[EventDate "2024.08.05"]
[WhiteElo "2778"]
[BlackElo "2264"]
[PlyCount "54"]

1. d4 Nf6 2. Nf3 g6 3. Nc3 d5 4. Bf4 Bg7 5. e3 O-O 6. h4 h5 7. Ne5 c5 8. Qd2 Nc6 9. f3 cxd4 10. exd4 Qb6 11. O-O-O Bf5 12. g4 hxg4 13. fxg4 Ne4 14. Nxe4 Bxe4 15. Bg2 Bxg2 16. Qxg2 Nxd4 17. h5 Ne6 18. hxg6 Nxf4 19. Qh2 Qe3+ 20. Kb1 Rfd8 21. gxf7+ Kf8 22. Qh7 e6 23. Qg8+ Ke7 24. Qxg7 Rf8 25. Rhf1 b5 26. Rde1 Qd2 27. Qg5+ 1-0

[Event "FIDE World Bl Team Final"]
[Site "Astana KAZ"]
[Date "2024.08.05"]
[Round "1.1"]
[White "Arjun Erigaisi"]
[Black "Satbek Akhmedinov"]
[Result "1-0"]
[EventDate "2024.08.05"]
[WhiteElo "2778"]
[BlackElo "2379"]
[PlyCount "46"]

1. d4 Nf6 2. Bf4 g6 3. Nc3 d5 4. e3 Bg7 5. h4 c6 6. Bd3 h5 7. Nf3 Bg4 8. Qd2 Nbd7 9. Ng5 Nf8 10. f3 Bd7 11. O-O-O Ne6 12. Be5 Bh6 13. e4 dxe4 14. Ncxe4 Bg7 15. Nc5 Nxc5 16. dxc5 O-O 17. Bc4 Bf5 18. Bxf7+ Kh8 19. Qc3 Qc8 20. g4 hxg4 21. h5 gxh5 22. Rxh5+ Nxh5 23. Bxg7+ 1-0

[Event "FIDE World Bl Team Final"]
[Site "Astana KAZ"]
[Date "2024.08.05"]
[Round "1.2"]
[White "Satbek Akhmedinov"]
[Black "Arjun Erigaisi"]
[Result "1/2-1/2"]
[EventDate "2024.08.05"]
[WhiteElo "2379"]
[BlackElo "2778"]
[PlyCount "124"]

1. e4 e6 2. d4 d5 3. Nd2 Nf6 4. e5 Nfd7 5. Bd3 c5 6. c3 Nc6 7. Ne2 cxd4 8. cxd4 f6 9. exf6 Nxf6 10. O-O Bd6 11. Nf3 O-O 12. Bf4 Bxf4 13. Nxf4 Ng4 14. Qd2 Qd6 15. g3 e5 16. dxe5 Ngxe5 17. Nxe5 Nxe5 18. Be2 d4 19. Rfd1 Rd8 20. Nd3 Bh3 21. Rac1 Rac8 22. Rxc8 Bxc8 23. Qf4 Nxd3 24. Qxd6 Rxd6 25. Bxd3 Be6 26. a3 a5 27. f4 Kf7 28. Kf2 h6 29. Kf3 Kf6 30. Rd2 h5 31. Kg2 Bd5+ 32. Kf2 Bb3 33. h3 g5 34. fxg5+ Kxg5 35. h4+ Kf6 36. Kf3 Ke5 37. Re2+ Kd5 38. Re8 Rf6+ 39. Kg2 Bd1 40. Be4+ Kc4 41. Rc8+ Kb3 42. Bxb7 d3 43. Rc3+ Kxb2 44. Rxd3 Bc2 45. Re3 Bb3 46. a4 Rb6 47. Bf3 Bxa4 48. Re5 Bb5 49. Bxh5 a4 50. Be8 Bxe8 51. Rxe8 a3 52. Ra8 a2 53. h5 a1=Q 54. Rxa1 Kxa1 55. Kf3 Kb2 56. g4 Kc3 57. g5 Kd4 58. Kf4 Kd5 59. Kf5 Rb1 60. h6 Rf1+ 61. Kg6 Ke6 62. h7 Rh1 1/2-1/2

[Event "FIDE World Bl Team Final"]
[Site "Astana KAZ"]
[Date "2024.08.05"]
[Round "2.1"]
[White "Sarin Nihal"]
[Black "Arjun Erigaisi"]
[Result "1-0"]
[EventDate "2024.08.05"]
[WhiteElo "2668"]
[BlackElo "2778"]
[PlyCount "86"]

1. Nf3 d5 2. e3 Nf6 3. b3 g6 4. Bb2 Bg7 5. c4 O-O 6. cxd5 Nxd5 7. Bxg7 Kxg7 8. Qc1 Nd7 9. Nc3 N5f6 10. Be2 b6 11. d4 Bb7 12. O-O c5 13. Rd1 cxd4 14. Nxd4 a6 15. Qb2 b5 16. b4 Rc8 17. a4 bxa4 18. Nxa4 Qc7 19. Rac1 Qe5 20. Nc5 Nxc5 21. bxc5 Be4 22. Qa3 Qg5 23. f3 Nd5 24. h4 Qxe3+ 25. Qxe3 Nxe3 26. Re1 Bd5 27. Bxa6 Ra8 28. Bd3 e5 29. Nb5 Nf5 30. Bxf5 gxf5 31. Rxe5 Be6 32. Nc7 Kf6 33. Rxe6+ fxe6 34. Nxa8 Rxa8 35. c6 f4 36. Kf2 Ke5 37. c7 Rc8 38. Ke2 Kd4 39. Rd1+ Ke5 40. Rd7 h5 41. Kd3 Kf5 42. Kd4 e5+ 43. Kd5 1-0

[Event "FIDE World Bl Team Final"]
[Site "Astana KAZ"]
[Date "2024.08.05"]
[Round "2.2"]
[White "Arjun Erigaisi"]
[Black "Sarin Nihal"]
[Result "1-0"]
[EventDate "2024.08.05"]
[WhiteElo "2778"]
[BlackElo "2668"]
[PlyCount "140"]

1. d4 Nf6 2. c4 e6 3. Bg5 h6 4. Bh4 Bb4+ 5. Nd2 b6 6. Nf3 Bb7 7. e3 O-O 8. Bd3 c5 9. a3 Bxd2+ 10. Qxd2 cxd4 11. exd4 d6 12. Qe2 Nbd7 13. O-O Re8 14. Rfe1 Qc7 15. Nd2 a5 16. Rac1 a4 17. Nf1 Ra5 18. Ne3 Qb8 19. Bb1 Qa8 20. Bg3 d5 21. cxd5 Bxd5 22. Nxd5 Nxd5 23. Bd3 Rc8 24. Qd2 N7f6 25. Rxc8+ Qxc8 26. Rc1 Qd7 27. Qc2 Ra8 28. Qc6 Qxc6 29. Rxc6 Rd8 30. Bb5 Ne4 31. Bxa4 Ne7 32. Rxb6 Nxg3 33. hxg3 Rxd4 34. Rb8+ Kh7 35. Bc2+ f5 36. b4 Rd2 37. Bb3 Rd3 38. Bxe6 Rxa3 39. Rb7 Nc6 40. Bxf5+ Kg8 41. b5 Nd4 42. Bd7 Rb3 43. b6 Kf8 44. Rb8+ Ke7 45. Ba4 Rb1+ 46. Kh2 Ne6 47. b7 Nd8 48. Ra8 Rxb7 49. g4 Rc7 50. f3 Ne6 51. Bb3 Nc5 52. Bd5 Nd7 53. Rg8 Kf6 54. Re8 Nc5 55. Kg3 Rd7 56. Bc4 Rc7 57. Kh4 g6 58. f4 g5+ 59. Kh5 Kg7 60. fxg5 hxg5 61. Kxg5 Na4 62. Be6 Nc5 63. Bd5 Rd7 64. Re5 Nd3 65. Rf5 Nb4 66. Be6 Re7 67. Rf6 Nc6 68. Rg6+ Kh8 69. Kf6 Ra7 70. g5 Nd4 1-0

[Event "FIDE World Bl Team Final"]
[Site "Astana KAZ"]
[Date "2024.08.05"]
[Round "3.1"]
[White "Arjun Erigaisi"]
[Black "Daniil Dubov"]
[Result "1/2-1/2"]
[EventDate "2024.08.05"]
[WhiteElo "2778"]
[BlackElo "2701"]
[PlyCount "70"]

1. d4 Nf6 2. c4 e6 3. Nf3 d5 4. cxd5 exd5 5. Nc3 c6 6. Bf4 Bf5 7. e3 Nbd7 8. h3 Be7 9. g4 Bg6 10. Nh4 Qb6 11. Qe2 Nf8 12. Nf5 Bxf5 13. gxf5 g6 14. h4 Qd8 15. O-O-O Bd6 16. Qf3 Bxf4 17. Qxf4 N8d7 18. Be2 Qb8 19. Qg5 Qd6 20. fxg6 hxg6 21. h5 gxh5 22. Bxh5 Rxh5 23. Rxh5 Nxh5 24. Qxh5 O-O-O 25. Rg1 Qf6 26. Qh2 Nb6 27. b3 Rh8 28. Qg3 Nd7 29. Kb2 Qe6 30. Rc1 a6 31. Na4 Qg6 32. Qf4 Qf6 33. Qg3 Qg6 34. Qf4 Qf6 35. Qg3 1/2-1/2

[Event "FIDE World Bl Team Final"]
[Site "Astana KAZ"]
[Date "2024.08.05"]
[Round "3.2"]
[White "Daniil Dubov"]
[Black "Arjun Erigaisi"]
[Result "1-0"]
[EventDate "2024.08.05"]
[WhiteElo "2701"]
[BlackElo "2778"]
[PlyCount "74"]

1. d4 Nf6 2. Nf3 d5 3. c4 e6 4. Bg5 dxc4 5. e4 c5 6. Bxc4 cxd4 7. O-O Nc6 8. e5 h6 9. Bxf6 gxf6 10. exf6 Qxf6 11. Nbd2 Bg7 12. Ne4 Qe7 13. Re1 Bd7 14. Rc1 h5 15. h4 O-O-O 16. Bb5 Kb8 17. Nc5 Be8 18. Qa4 Rc8 19. Rc4 Na5 20. Qxa5 Rxc5 21. Rxc5 Qxc5 22. Qd8+ Qc8 23. Qg5 Bxb5 24. Qxg7 Bc6 25. Nxd4 Bd5 26. Qe5+ Ka8 27. Nb5 f6 28. Qf4 e5 29. Qxf6 Rg8 30. g3 a6 31. Qxe5 Bc6 32. Nd4 Re8 33. Ne6 Ka7 34. Re3 Qd7 35. Qd4+ Qxd4 36. Nxd4 Rxe3 37. Nxc6+ 1-0

[Event "FIDE World Bl Team Final"]
[Site "Astana KAZ"]
[Date "2024.08.05"]
[Round "3.3"]
[White "Arjun Erigaisi"]
[Black "Daniil Dubov"]
[Result "1-0"]
[EventDate "2024.08.05"]
[WhiteElo "2778"]
[BlackElo "2701"]
[PlyCount "176"]

1. d4 Nf6 2. c4 e6 3. Bg5 h6 4. Bh4 d5 5. cxd5 exd5 6. Nc3 c6 7. e3 Be7 8. Bd3 O-O 9. Nge2 Re8 10. O-O a5 11. Qc2 Na6 12. a3 Nc7 13. Rad1 Bd7 14. f3 b5 15. Kh1 b4 16. Na4 bxa3 17. bxa3 Ne6 18. Rb1 Rb8 19. Rxb8 Qxb8 20. Rb1 Qd6 21. Nb6 Rd8 22. a4 c5 23. Nxd7 Nxd7 24. Bg3 Qc6 25. Bb5 Qb7 26. Be1 Ra8 27. Bc3 Qc7 28. Qd2 Nf6 29. dxc5 Qxc5 30. Bxa5 Qa7 31. Bc3 Rd8 32. Nd4 Nxd4 33. Bxd4 Bc5 34. Rc1 Bxd4 35. Qxd4 Qe7 36. Ra1 Rb8 37. Kg1 Nh7 38. Bf1 Nf8 39. a5 Ne6 40. Qe5 Qa7 41. a6 Rb3 42. Kh1 Rxe3 43. Qxd5 Rc3 44. Qb7 Rc7 45. Qxa7 Rxa7 46. Rb1 Nc5 47. Rc1 Ne6 48. Rc8+ Kh7 49. Kg1 Kg6 50. Bc4 Nc7 51. Rb8 Ne6 52. Rb7 Ra8 53. Bxe6 fxe6 54. a7 Kf6 55. Kf2 g5 56. g4 Ke5 57. Ke3 Kd5 58. Kd3 Kc6 59. Rh7 Kd5 60. Ke3 Rc8 61. Kd3 Ra8 62. Kc3 Kc5 63. Kb3 Kb5 64. h3 Kc5 65. Ka4 Kb6 66. Kb4 Rf8 67. Rxh6 Rf4+ 68. Kc3 Kxa7 69. Kd3 Rxf3+ 70. Ke4 Ra3 71. Ke5 Kb7 72. Rh5 Kc7 73. Kxe6 Rf3 74. Rxg5 Rxh3 75. Rg7+ Kd8 76. Rg8+ Kc7 77. g5 Re3+ 78. Kf7 Kd7 79. g6 Re7+ 80. Kf6 Re6+ 81. Kg7 Re1 82. Ra8 Ke7 83. Kg8 Rg1 84. g7 Rh1 85. Ra2 Ke8 86. Re2+ Kd7 87. Re4 Rf1 88. Rh4 1-0

[Event "FIDE World Bl Team Final"]
[Site "Astana KAZ"]
[Date "2024.08.05"]
[Round "4.1"]
[White "Arjun Erigaisi"]
[Black "Magnus Carlsen"]
[Result "1-0"]
[EventDate "2024.08.05"]
[WhiteElo "2778"]
[BlackElo "2832"]
[PlyCount "104"]

1. d4 Nf6 2. c4 g6 3. Nc3 Bg7 4. e4 d6 5. Be2 e5 6. dxe5 dxe5 7. Qxd8+ Kxd8 8. f4 Be6 9. Nf3 Nc6 10. O-O Kc8 11. f5 gxf5 12. exf5 Bd7 13. Ng5 Rf8 14. Be3 Nd4 15. Bd3 h6 16. Nge4 Nxf5 17. Bc5 Nxe4 18. Bxf8 Bxf8 19. Nxe4 Be6 20. Rae1 Nd4 21. Nf6 Bd6 22. Kh1 c5 23. b3 Kc7 24. Be4 a5 25. Bd5 a4 26. Bxe6 fxe6 27. Ne4 axb3 28. axb3 Nxb3 29. Rf6 Nd4 30. Rxh6 Kc6 31. h4 Be7 32. h5 b5 33. cxb5+ Kd5 34. b6 c4 35. Rh7 Bb4 36. b7 Rb8 37. Nf6+ Kc6 38. Rb1 Bd2 39. Nd7 Rxb7 40. Nxe5+ Kd5 41. Rbxb7 Kxe5 42. Rhc7 c3 43. h6 Bxh6 44. Rxc3 Ke4 45. Rh3 Bf4 46. g3 Be3 47. Kg2 e5 48. Rh5 Bd2 49. Rf7 Nc2 50. g4 Bf4 51. g5 Ne3+ 52. Kh3 1-0